Flora fungosa chilena: índice preliminar de los huéspedes de los hongos chilenos y sus referencias bibliográficas

Zapisane w:
Opis bibliograficzny
Główni autorzy: Mujica Richatt, Fernando (autor), Vergara Castillo, Claudio (Autor)
Format: Książka
Język:hiszpański
Wydane: Santiago Ministerio de Agricultura 1945
Hasła przedmiotowe:
Etykiety: Dodaj etykietę
Nie ma etykietki, Dołącz pierwszą etykiete!

MARC

LEADER 00000nam a2200000 a 4500
001 UCR0379
003 CL-VaPUC
008 971205e19450000CL |||||||||||||||||spa|d
082 0 4 |a 632.4  |b MUJ  |2 21 
100 |a Mujica Richatt, Fernando  |e autor  |9 401622 
700 0 |a Vergara Castillo, Claudio  |e author  |9 395958 
245 1 0 |a Flora fungosa chilena: índice preliminar de los huéspedes de los hongos chilenos y sus referencias bibliográficas 
300 |a 199 p 
942 |c BK 
945 |d 19971205 00:00:00  |a jquezada 
260 |a Santiago  |b Ministerio de Agricultura  |c 1945 
650 0 |a Enfermedades de las plantas  |9 259687 
650 0 |a Control biológico   |9 338554 
650 7 |a FUNGICIDAS  |2 CL-VaPUC  |9 264584 
650 0 |a Hongos  |9 261629 
650 0 |a Fitopatología   |9 340456 
650 0 |a Patología vegetal  |9 325426 
651 7 |a CHILE  |2 CL-VaPUC  |9 395959 
583 |a last modification  |c 19971205 00:00:00  |k Rodrigo Vera 
999 |c 263905  |d 263903